000 00676nam a2200217Ia 4500
003 OSt
005 20220928144855.0
006 a|||||r|||| 00| 0
007 ta
008 220927b |||||||| |||| 00| 0 eng d
024 _a76543
037 _cTextual
040 _aSDCL
_cSDCL
_beng
041 _2eng
_aeng
082 _aX:979D.41'M95, M1
100 _aChan Ming K
_9510073
245 0 _aHistoriography of the Chinese Labor movement, 1895-1949
_b A critical survey and bibliography of selected Chinese source materials at the Hoover Institution.
260 _c1981
942 _hX:979D.41'M95, M1
_cTEXL
_2CC
999 _c830081
_d830081